| 000 | 01539nam a2200349 a 4500 | ||
|---|---|---|---|
| 999 |
_c165400 _d165400 |
||
| 003 | BLK | ||
| 005 | 20250127092744.0 | ||
| 008 | 180410b bul|||||r ||||||| ||bul|| | ||
| 010 | _aKNG00173010000 | ||
| 040 | _aBLK | ||
| 041 |
_aBUL _cBUL |
||
| 080 |
_aГеография на България _b913(497.2) _z913(497.2) |
||
| 080 |
_aБългарска литература _b821.163.2 _x-4 _z821.163.2-4 |
||
| 100 | 1 |
_aДелирадев, Павел Димитров _eпърви автор _9336728 |
|
| 139 |
_aДелирадев, Павел Димитров _bД 37 |
||
| 245 | 1 | 0 |
_aПътувания из България _bСтатии, очерци, есета и пътеписи _cПавел Димитров Делирадев; състав. и ред. с предг. Васил Христов Петров |
| 257 | _aBGR | ||
| 260 |
_aСофия _bМедицина и физкултура _c1979 _fПловдив : Д. Благоев |
||
| 300 |
_a308 с. _bс ил. _c22 см |
||
| 380 | _a91 | ||
| 650 | 7 |
_aБългария - география _2 _9149509 |
|
| 651 | 4 |
_aБългария _9241624 |
|
| 653 | _aБългария | ||
| 653 | _aгеография | ||
| 653 | _aочерци | ||
| 700 | 1 |
_aПетров, Васил Христов _eсъстав. и ред. с предг. _9382174 |
|
| 852 |
_aЦб 98956 _bЦб |
||
| 856 | 4 |
_qpdf _i0.00 _ldisable |
|
| 942 |
_cKNG _n0 _s1 |
||
| 944 |
_aCR _c16.03.2015 _k30560 _lГеновева Генчева |
||
| 944 |
_aED _c16.03.2015 _kТеодора_Стоянова |
||